000 01167nam a2200301 c 4500
003 BLK
005 20180420215721.0
008 180413b bul|||||r ||||||| ||bul||
010 _aKNG00024141000
020 _a954-428-098-7
_bиздат.: Хемус
040 _aBLK
041 _aBUL
_cBUL
080 _aБългарска литература
_b821.163.2
_x-4
_z821.163.2-4
100 1 _aМутафов, Енчо Пенев
_eпърви автор
_9249680
139 _aМутафов, Енчо Пенев
_bМ 96
245 1 0 _aПоследна свобода
_bВъпроси на цивилизацията, изкуството и таланта : Есета писани между 1983-1997 г.
_cЕнчо Пенев Мутафов.
257 _aBGR
260 София
_bХемус
_c1998
300 _a224 с.
_c20 см
380 _aX
500 _aДеп. списък: 39 ; 500 тир Място на печат: София Име на печатница: Ив. Вазов.
653 _aсвобода
852 _aЦб 196497
856 4 _qpdf
_u
856 4 _qpdf
_u
942 _cKNG
_n0
944 _aCR
_c15.01.2003
_kAB_DOS
944 _aED
_c08.11.2016
_k
999 _c21829
_d21829